000 00793nam a2200181 a 4500
001 000042220
005 20201002040020.0
008 131119s1981 sp f 000 0 spa d
020 _a840004942X
040 _aDO-SdBNP
_bspa
_cBNPHU
245 0 0 _aI. Madrigales Españoles Inéditos del siglo XVI :
_bII. Cancionero de la Casanatense /
_ctranscripción y estudio por Miguel Querol Gavaldá.
260 _aBarcelona :
_bInstituto Español de Musicología,
_c1981.
300 _a128 p., [4] h. de lám. :
_bil., partituras ;
_c32 cm.
490 1 _aMonumentos de la música española
_v40
504 _aIncluye referencias bibliográficas y notas al pie de las páginas
710 2 _aConsejo Superior de Investigaciones Científicas,
_94786
830 0 _aMonumentos de la música española
_v40
_965588
999 _c41709
_d41709